ا ليکٹر و نک ميڈ يا ميں ا ر د و تر جمو ں کے مسا يل (Record no. 174327)

MARC details
000 -LEADER
fixed length control field 00729nam a22001937a 4500
005 - DATE AND TIME OF LATEST TRANSACTION
control field 20200605122820.0
010 ## - LCCN (DPL NO)
LC control number UR-10782
020 ## - INTERNATIONAL STANDARD BOOK NUMBER
Terms of availability 400.00
International Standard Book Number 9788193042007
035 ## - SYSTEM CONTROL NUMBER
System control number U-9337
037 ## - SOURCE OF ACQUISITION
Source of stock number/acquisition DBAD/PUB
Stock number -
082 ## - DEWEY DECIMAL CLASSIFICATION NUMBER
Classification number 070.440
100 ## - MAIN ENTRY--PERSONAL NAME
Personal name محمد آ صف علی
245 ## - TITLE STATEMENT
Title ا ليکٹر و نک ميڈ يا ميں ا ر د و تر جمو ں کے مسا يل
Statement of responsibility, etc محمد آ صف علی
246 ## - VARYING FORM OF TITLE
Remainder of title Electronic Mdia Mein Urdu Tarjumon Ke Masaiyl (Urdu)
Title proper/short title by Mohd. Asif Ali
260 ## - PUBLICATION, DISTRIBUTION, ETC. (IMPRINT)
Place of publication, distribution, etc Hyderabad
Name of publisher, distributor, etc Urdu Translation Academy
Date of publication, distribution, etc 2018 ء
270 ## - ADDRESS
Address 8-1-347/B/32, Rahul Colony,Tolichowki,
City Hyderabad
Postal code 8
Telephone number 9652972442
Fax number -
300 ## - PHYSICAL DESCRIPTION
Extent 181 ص
Dimensions 22 Cm(Hb)
942 ## - ADDED ENTRY ELEMENTS (KOHA)
Source of classification or shelving scheme Dewey Decimal Classification
Item type Urdu Bks
Classification part 070.440
Call number suffix م ح م
Holdings
Withdrawn status Lost status Not for loan Collection code Home library Current library Date acquired Source of acquisition Cost, normal purchase price Full call number Barcode Copy number Cost, replacement price Koha item type
      Non-fiction Central Library Central Library 05/06/2020 DBAD/PUB 400.00 070.440 م ح م U-9337 1 400.00 Urdu Bks

© Delhi Public Library
Hit Counter
free hit counter